00681cam a22002291a 4500001001300000003000400013005001700017008004100034010001700075035002000092040005000112042001200162043001200174050002200186100001900208245008600227260003100313300002900344504002700373650003600400999001500436agr29000281 DLC20260227110948.0940209s1928 gw b b 000 0 ger c aagr29000281  a(OCoLC)29772975 aLibrary, U.S. Dept. of AgriculturecMnHidDLC apremarc an-cnp--00aS471.C15bG6 19281 aGockel, Anton.14aDie Landwirtschaft in den Prärieprovinzen West-Kanadas /cvon Dr. Anton Gockel. aBerlin :bP. Parey,c1928. a140 p. :bmaps ;c27 cm. aIncludes bibliography. 0aAgriculturezPrairie Provinces. c9249d9249